Ricostruisci la Carriera del Calciatore - Romelu Lukaku - Statistics

Statistiche generali
  • Questo quiz è stato fatto 29 volte
  • Il punteggio medio è 5 su 10
Statistiche sulle risposte
Hint Risposta % Corretto
2009-2011 Anderlecht
84%
2023- Roma
68%
2013-2017 Everton
58%
2019-2021 Inter
58%
2021-2022 Chelsea
47%
2017-2019 Manchester Utd
42%
2012-2013 → West Bromwich
37%
2011-2012 Chelsea
26%
2013 Chelsea
26%
2022-2023 Inter
26%
Nessun quiz corrispondente trovato
Distribuzione punteggi
Percentuale di utenti per punteggio
Percentile per numero di risposta
I tuoi punteggi nel tempo
Non hai fatto questo quiz